{"text_format":"3","workbook":"xlsx","n_sheets":1,"sheets":["t512"],"read":"whole","date_system":"1900"}

{"sheet":"t512","index":0,"n_rows":180,"n_cols":7,"rows_kept":180,"merged":[[0,0,0,6],[30,0,30,5],[47,0,47,5],[154,0,154,5]]}
["TABELA 512.1 - Estatísticas Agrícolas, Município de Santa Cruz das Palmeiras, Estado de São Paulo, 2007/08."]
["ITEM","UNIDADE","N.DE UPAs","MÍNIMO","MÉDIO","MÁXIMO","TOTAL"]
["Distância à sede do município","km",261,0.1,{"v":6.53,"d":"6.5"},{"v":20,"d":"20.0"},"-"]
["Área total","hectare",261,1.2,{"v":111.27,"d":"111.3"},{"v":3022.3,"d":"3,022.3"},{"v":29042.46,"d":"29,042.5"}]
["Área com cultura perene","hectare",78,0.1,39.7,967.6,{"v":3096.9,"d":"3,096.9"}]
["Área com cultura temporária","hectare",202,0.3,{"v":94.69,"d":"94.7"},{"v":2404.7,"d":"2,404.7"},{"v":19127,"d":"19,127.0"}]
["Área com pastagem","hectare",116,0.3,{"v":16.05,"d":"16.1"},{"v":278,"d":"278.0"},{"v":1861.8,"d":"1,861.8"}]
["Área com reflorestamento","hectare",20,0.2,5.7,{"v":24,"d":"24.0"},113.9]
["Área com vegetação natural","hectare",121,0.1,{"v":33.67,"d":"33.7"},{"v":850,"d":"850.0"},{"v":4074,"d":"4,074.0"}]
["Área com vegetação de brejo e várzea","hectare",5,{"v":1,"d":"1.0"},{"v":10.96,"d":"11.0"},{"v":28,"d":"28.0"},54.8]
["Área em descanso","hectare",9,{"v":1,"d":"1.0"},{"v":9.76,"d":"9.8"},57.9,{"v":87.86,"d":"87.9"}]
["Área complementar","hectare",177,0.1,{"v":3.54,"d":"3.5"},95.9,626.2]
["Área das UPAs com (0, 1] ha","hectare","-","-","-","-","-"]
["Área das UPAs com (1, 2] ha","hectare",2,1.2,{"v":1.25,"d":"1.3"},1.3,2.5]
["Área das UPAs com (2, 5] ha","hectare",32,2.3,3.5,4.9,112.1]
["Área das UPAs com (5, 10] ha","hectare",39,5.4,{"v":7.72,"d":"7.7"},{"v":10,"d":"10.0"},301.2]
["Área das UPAs com (10, 20] ha","hectare",57,10.3,{"v":14.44,"d":"14.4"},19.3,{"v":822.96,"d":"823.0"}]
["Área das UPAs com (20, 50] ha","hectare",65,{"v":22,"d":"22.0"},{"v":34.81,"d":"34.8"},49.7,{"v":2262.8,"d":"2,262.8"}]
["Área das UPAs com (50, 100] ha","hectare",17,52.6,{"v":67.97,"d":"68.0"},92.2,{"v":1155.5,"d":"1,155.5"}]
["Área das UPAs com (100, 200] ha","hectare",15,101.6,{"v":138.65,"d":"138.7"},{"v":196,"d":"196.0"},{"v":2079.7,"d":"2,079.7"}]
["Área das UPAs com (200, 500] ha","hectare",21,210.4,{"v":326.23,"d":"326.2"},{"v":484,"d":"484.0"},{"v":6850.8,"d":"6,850.8"}]
["Área das UPAs com (500, 1.000] ha","hectare",6,507.2,{"v":719.53,"d":"719.5"},944.8,{"v":4317.2,"d":"4,317.2"}]
["Área das UPAs com (1.000, 2.000] ha","hectare",6,{"v":1072.5,"d":"1,072.5"},{"v":1352.57,"d":"1,352.6"},{"v":1911.8,"d":"1,911.8"},{"v":8115.4,"d":"8,115.4"}]
["Área das UPAs com (2.000, 5.000] ha","hectare",1,{"v":3022.3,"d":"3,022.3"},{"v":3022.3,"d":"3,022.3"},{"v":3022.3,"d":"3,022.3"},{"v":3022.3,"d":"3,022.3"}]
["Área das UPAs com (5.000, 10.000] ha","hectare","-","-","-","-","-"]
["Área das UPAs acima de 10.000 ha","hectare","-","-","-","-","-"]
["Familiares do proprietário que trabalham na UPA","unidade",197,{"v":1,"d":"1.0"},{"v":1.45,"d":"1.5"},{"v":5,"d":"5.0"},{"v":285,"d":"285.0"}]
["Trabalhadores permanentes","unidade",88,{"v":1,"d":"1.0"},{"v":7.45,"d":"7.5"},{"v":150,"d":"150.0"},{"v":656,"d":"656.0"}]
["Fonte: Secretaria de Agricultura e Abastecimento, CDRS/IEA, Projeto LUPA."]
[]
["TABELA 512.2 - Explorações Animais, Município de Santa Cruz das Palmeiras, Estado de São Paulo, 2007/08."]
["ITEM","UNIDADE","N.DE UPAs","MÍNIMO","MÉDIO","MÁXIMO","TOTAL"]
["Asininos E Muares","cabeças",1,{"v":1,"d":"1.0"},{"v":1,"d":"1.0"},{"v":1,"d":"1.0"},{"v":1,"d":"1.0"}]
["Avicultura de Corte","cabeças/ano",2,{"v":31000,"d":"31,000.0"},{"v":32500,"d":"32,500.0"},{"v":34000,"d":"34,000.0"},{"v":65000,"d":"65,000.0"}]
["Avicultura Ornamental/Decorativa/Exótica","cabeças",1,{"v":600,"d":"600.0"},{"v":600,"d":"600.0"},{"v":600,"d":"600.0"},{"v":600,"d":"600.0"}]
["Avicultura para Ovos","cabeças",2,{"v":60,"d":"60.0"},{"v":70,"d":"70.0"},{"v":80,"d":"80.0"},{"v":140,"d":"140.0"}]
["Bovinocultura de Corte","cabeças",3,{"v":10,"d":"10.0"},{"v":13.33,"d":"13.3"},{"v":20,"d":"20.0"},{"v":40,"d":"40.0"}]
["Bovinocultura Leiteira","cabeças",4,{"v":30,"d":"30.0"},55.5,{"v":110,"d":"110.0"},{"v":222,"d":"222.0"}]
["Bovinocultura Mista","cabeças",62,{"v":1,"d":"1.0"},{"v":85.19,"d":"85.2"},{"v":3019,"d":"3,019.0"},{"v":5282,"d":"5,282.0"}]
["Caprinocultura","cabeças",1,{"v":6,"d":"6.0"},{"v":6,"d":"6.0"},{"v":6,"d":"6.0"},{"v":6,"d":"6.0"}]
["Equinocultura","cabeças",10,{"v":2,"d":"2.0"},7.4,{"v":20,"d":"20.0"},{"v":74,"d":"74.0"}]
["Minhocultura","canteiros",1,{"v":2,"d":"2.0"},{"v":2,"d":"2.0"},{"v":2,"d":"2.0"},{"v":2,"d":"2.0"}]
["Ovinocultura","cabeças",4,{"v":8,"d":"8.0"},29.5,{"v":50,"d":"50.0"},{"v":118,"d":"118.0"}]
["Piscicultura","m² tanques",1,{"v":20000,"d":"20,000.0"},{"v":20000,"d":"20,000.0"},{"v":20000,"d":"20,000.0"},{"v":20000,"d":"20,000.0"}]
["Suinocultura","cabeças",14,{"v":5,"d":"5.0"},{"v":38.43,"d":"38.4"},{"v":130,"d":"130.0"},{"v":538,"d":"538.0"}]
["Fonte: Secretaria de Agricultura e Abastecimento, CDRS/IEA, Projeto LUPA."]
[]
["TABELA 512.3 -  Máquinas, Implementos e Benfeitorias, Município de Santa Cruz das Palmeiras, Estado de São Paulo, 2007/08."]
["ITEM","UNIDADE","N.DE UPAs","MÍNIMO","MÉDIO","MÁXIMO","TOTAL"]
["Arado Comum (Bacia, Aiveca)","Unidade",39,{"v":1,"d":"1.0"},{"v":1.21,"d":"1.2"},{"v":2,"d":"2.0"},{"v":47,"d":"47.0"}]
["Arado Escarificador","Unidade",21,{"v":1,"d":"1.0"},{"v":1.52,"d":"1.5"},{"v":6,"d":"6.0"},{"v":32,"d":"32.0"}]
["Arado Subsolador","Unidade",32,{"v":1,"d":"1.0"},{"v":1.16,"d":"1.2"},{"v":3,"d":"3.0"},{"v":37,"d":"37.0"}]
["Batedeira de Cereais","Unidade",20,{"v":1,"d":"1.0"},1.1,{"v":2,"d":"2.0"},{"v":22,"d":"22.0"}]
["Carregadeira de Cana","Unidade",5,{"v":1,"d":"1.0"},1.6,{"v":3,"d":"3.0"},{"v":8,"d":"8.0"}]
["Colhedeira Acoplada","Unidade",4,{"v":1,"d":"1.0"},{"v":1,"d":"1.0"},{"v":1,"d":"1.0"},{"v":4,"d":"4.0"}]
["Colhedeira Automotriz","Unidade",7,{"v":1,"d":"1.0"},{"v":2,"d":"2.0"},{"v":3,"d":"3.0"},{"v":14,"d":"14.0"}]
["Computador","Unidade",3,{"v":1,"d":"1.0"},{"v":2.33,"d":"2.3"},{"v":5,"d":"5.0"},{"v":7,"d":"7.0"}]
["Conj.Irrigação Autopropelido","Unidade",7,{"v":1,"d":"1.0"},{"v":1.43,"d":"1.4"},{"v":3,"d":"3.0"},{"v":10,"d":"10.0"}]
["Conj.Irrigação Convencional","Unidade",12,{"v":1,"d":"1.0"},{"v":1,"d":"1.0"},{"v":1,"d":"1.0"},{"v":12,"d":"12.0"}]
["Conj.Irrigação Pivot Central","Unidade",2,{"v":1,"d":"1.0"},{"v":1,"d":"1.0"},{"v":1,"d":"1.0"},{"v":2,"d":"2.0"}]
["Conjunto de Fenação","Unidade",2,{"v":1,"d":"1.0"},{"v":1,"d":"1.0"},{"v":1,"d":"1.0"},{"v":2,"d":"2.0"}]
["Desintegrador de Palha (Plantio Direto)","Unidade",1,{"v":1,"d":"1.0"},{"v":1,"d":"1.0"},{"v":1,"d":"1.0"},{"v":1,"d":"1.0"}]
["Desintegrador, Picador, Triturador","Unidade",79,{"v":1,"d":"1.0"},{"v":1.41,"d":"1.4"},{"v":4,"d":"4.0"},{"v":111,"d":"111.0"}]
["Distribuidor de Calcário","Unidade",18,{"v":1,"d":"1.0"},{"v":1.17,"d":"1.2"},{"v":3,"d":"3.0"},{"v":21,"d":"21.0"}]
["Ensiladeira","Unidade",18,{"v":1,"d":"1.0"},{"v":1.11,"d":"1.1"},{"v":2,"d":"2.0"},{"v":20,"d":"20.0"}]
["Grade Aradora (Tipo Romi)","Unidade",22,{"v":1,"d":"1.0"},{"v":1.27,"d":"1.3"},{"v":3,"d":"3.0"},{"v":28,"d":"28.0"}]
["Grade Niveladora","Unidade",46,{"v":1,"d":"1.0"},{"v":1.41,"d":"1.4"},{"v":3,"d":"3.0"},{"v":65,"d":"65.0"}]
["Implementos para Tração Animal","Unidade",13,{"v":1,"d":"1.0"},{"v":1.46,"d":"1.5"},{"v":2,"d":"2.0"},{"v":19,"d":"19.0"}]
["Microtrator","Unidade",1,{"v":1,"d":"1.0"},{"v":1,"d":"1.0"},{"v":1,"d":"1.0"},{"v":1,"d":"1.0"}]
["Misturador de Ração","Unidade",7,{"v":1,"d":"1.0"},{"v":1.14,"d":"1.1"},{"v":2,"d":"2.0"},{"v":8,"d":"8.0"}]
["Ordenhadeira Mecânica","Unidade",4,{"v":1,"d":"1.0"},{"v":1,"d":"1.0"},{"v":1,"d":"1.0"},{"v":4,"d":"4.0"}]
["Pulverizador Tratorizado","Unidade",67,{"v":1,"d":"1.0"},{"v":2.03,"d":"2.0"},{"v":17,"d":"17.0"},{"v":136,"d":"136.0"}]
["Resfriador de Leite, Tanque Expansão","Unidade",8,{"v":1,"d":"1.0"},{"v":1,"d":"1.0"},{"v":1,"d":"1.0"},{"v":8,"d":"8.0"}]
["Semeadeira/Adubadeira para Plantio Convencional","Unidade",35,{"v":1,"d":"1.0"},1.4,{"v":3,"d":"3.0"},{"v":49,"d":"49.0"}]
["Semeadeira/Plantadeira Plantio Direto","Unidade",8,{"v":1,"d":"1.0"},{"v":1.25,"d":"1.3"},{"v":2,"d":"2.0"},{"v":10,"d":"10.0"}]
["Trator de Esteiras","Unidade",1,{"v":8,"d":"8.0"},{"v":8,"d":"8.0"},{"v":8,"d":"8.0"},{"v":8,"d":"8.0"}]
["Trator de Pneus","Unidade",108,{"v":1,"d":"1.0"},{"v":2.38,"d":"2.4"},{"v":20,"d":"20.0"},{"v":257,"d":"257.0"}]
["Açude/Represa","Unidade",81,{"v":1,"d":"1.0"},{"v":1.51,"d":"1.5"},{"v":11,"d":"11.0"},{"v":122,"d":"122.0"}]
["Alambique","Unidade",1,{"v":1,"d":"1.0"},{"v":1,"d":"1.0"},{"v":1,"d":"1.0"},{"v":1,"d":"1.0"}]
["Almoxarifado/Oficina","Unidade",29,{"v":1,"d":"1.0"},{"v":1.31,"d":"1.3"},{"v":3,"d":"3.0"},{"v":38,"d":"38.0"}]
["Armazém para Grãos Ensacados","Sacas",14,{"v":1,"d":"1.0"},{"v":4093.21,"d":"4,093.2"},{"v":30000,"d":"30,000.0"},{"v":57305,"d":"57,305.0"}]
["Balança para Bovinos","Unidade",4,{"v":1,"d":"1.0"},{"v":1,"d":"1.0"},{"v":1,"d":"1.0"},{"v":4,"d":"4.0"}]
["Balança para Veículos","Unidade",4,{"v":1,"d":"1.0"},{"v":1,"d":"1.0"},{"v":1,"d":"1.0"},{"v":4,"d":"4.0"}]
["Barracão para Granja/Avicultura","Unidade",5,{"v":1,"d":"1.0"},1.6,{"v":3,"d":"3.0"},{"v":8,"d":"8.0"}]
["Barracão/Galpão/Garagem","Unidade",132,{"v":1,"d":"1.0"},1.5,{"v":7,"d":"7.0"},{"v":198,"d":"198.0"}]
["Casa de Moradia Habitada","Unidade",154,{"v":1,"d":"1.0"},2.6,{"v":69,"d":"69.0"},{"v":401,"d":"401.0"}]
["Casa de Moradia Total","Unidade",159,{"v":1,"d":"1.0"},{"v":3.64,"d":"3.6"},{"v":85,"d":"85.0"},{"v":578,"d":"578.0"}]
["Curral/Mangueira","Unidade",78,{"v":1,"d":"1.0"},{"v":1.08,"d":"1.1"},{"v":3,"d":"3.0"},{"v":84,"d":"84.0"}]
["Depósito/Tulha","Unidade",74,{"v":1,"d":"1.0"},{"v":1.14,"d":"1.1"},{"v":3,"d":"3.0"},{"v":84,"d":"84.0"}]
["Engenho","Unidade",1,{"v":1,"d":"1.0"},{"v":1,"d":"1.0"},{"v":1,"d":"1.0"},{"v":1,"d":"1.0"}]
["Estábulo","Unidade",34,{"v":1,"d":"1.0"},{"v":1.03,"d":"1.0"},{"v":2,"d":"2.0"},{"v":35,"d":"35.0"}]
["Fábrica de Ração","Unidade",2,{"v":1,"d":"1.0"},{"v":1,"d":"1.0"},{"v":1,"d":"1.0"},{"v":2,"d":"2.0"}]
["Instalações para Equinos","Unidade",8,{"v":1,"d":"1.0"},1.5,{"v":4,"d":"4.0"},{"v":12,"d":"12.0"}]
["Máquina de Benefício","Unidade",6,{"v":1,"d":"1.0"},{"v":1,"d":"1.0"},{"v":1,"d":"1.0"},{"v":6,"d":"6.0"}]
["Packing House","Unidade",1,{"v":1,"d":"1.0"},{"v":1,"d":"1.0"},{"v":1,"d":"1.0"},{"v":1,"d":"1.0"}]
["Pocilga","Unidade",15,{"v":1,"d":"1.0"},1.2,{"v":2,"d":"2.0"},{"v":18,"d":"18.0"}]
["Poço Semi-Artesiano","Unidade",11,{"v":1,"d":"1.0"},{"v":1.55,"d":"1.6"},{"v":3,"d":"3.0"},{"v":17,"d":"17.0"}]
["Posto Meteorológico","Unidade",1,{"v":1,"d":"1.0"},{"v":1,"d":"1.0"},{"v":1,"d":"1.0"},{"v":1,"d":"1.0"}]
["Secador de Grãos","Unidade",5,{"v":1,"d":"1.0"},1.2,{"v":2,"d":"2.0"},{"v":6,"d":"6.0"}]
["Silo para Grãos","t",1,{"v":2,"d":"2.0"},{"v":2,"d":"2.0"},{"v":2,"d":"2.0"},{"v":2,"d":"2.0"}]
["Silo para Silagem","t",9,{"v":5,"d":"5.0"},{"v":226.67,"d":"226.7"},{"v":600,"d":"600.0"},{"v":2040,"d":"2,040.0"}]
["Terreiro","m²",40,{"v":1,"d":"1.0"},{"v":1225.5,"d":"1,225.5"},{"v":10000,"d":"10,000.0"},{"v":49020,"d":"49,020.0"}]
["Usina de Açúcar/destilaria","Unidade",1,{"v":1,"d":"1.0"},{"v":1,"d":"1.0"},{"v":1,"d":"1.0"},{"v":1,"d":"1.0"}]
["Fonte: Secretaria de Agricultura e Abastecimento, CDRS/IEA, Projeto LUPA."]
[]
["TABELA 512.4 - Outras Estatísticas Agrícolas, Município de Santa Cruz das Palmeiras, Estado de São Paulo, 2007/08."]
["ITEM","Número de UPAs",null,"Percentual"]
["Faz Parte de Associação de Produtores",64,null,{"v":24.521072796934867,"d":"24.5"}]
["Faz Parte de Cooperativa de Produtores",159,null,{"v":60.91954022988506,"d":"60.9"}]
["Faz Parte do Sindicato de Produtores",95,null,{"v":36.39846743295019,"d":"36.4"}]
["Não utiliza assistência técnica ",66,null,{"v":25.28735632183908,"d":"25.3"}]
["Utiliza somente assistência técnica governamental ",54,null,{"v":20.689655172413794,"d":"20.7"}]
["Utiliza somente assistência técnica privada ",76,null,{"v":29.118773946360154,"d":"29.1"}]
["Utiliza assistência técnica tanto governamental quanto privada",65,null,{"v":24.904214559386972,"d":"24.9"}]
["Utiliza Crédito Rural",66,null,{"v":25.28735632183908,"d":"25.3"}]
["Utiliza Seguro Rural",11,null,{"v":4.214559386973181,"d":"4.2"}]
["Utiliza Escrituração Agrícola",103,null,{"v":39.463601532567054,"d":"39.5"}]
["Acessa Internet p/ Fins na Agropecuária",17,null,{"v":6.513409961685824,"d":"6.5"}]
["Utiliza Computador nas Atividades Agropecuárias",29,null,{"v":11.111111111111112,"d":"11.1"}]
["Utiliza Energia Elétrica Para Uso na Atividade Agrícola",181,null,{"v":69.34865900383141,"d":"69.3"}]
["Realiza Análise de Solo, quando necessário",76,null,{"v":29.118773946360154,"d":"29.1"}]
["Utiliza Práticas de Conservação de Solo, quando necessário",233,null,{"v":89.272030651341,"d":"89.3"}]
["Faz Adubação Mineral, quando necessário",213,null,{"v":81.60919540229885,"d":"81.6"}]
["Faz Adubação Orgânica, quando necessário",30,null,{"v":11.494252873563218,"d":"11.5"}]
["Faz Adubação Verde, quando necessário",6,null,{"v":2.2988505747126435,"d":"2.3"}]
["Utiliza Manejo Integrado de Pragas (MIP)",4,null,{"v":1.5325670498084292,"d":"1.5"}]
["Utiliza Hidroponia","-",null,"-"]
["Utiliza Plasticultura",3,null,{"v":1.1494252873563218,"d":"1.1"}]
["Utiliza Mudas Fiscalizadas",146,null,{"v":55.93869731800766,"d":"55.9"}]
["Utiliza Semente Melhorada",50,null,{"v":19.157088122605366,"d":"19.2"}]
["Faz Confinamento de Bovinos",5,null,{"v":1.9157088122605366,"d":"1.9"}]
["Utiliza Pastejo Intensivo",3,null,{"v":1.1494252873563218,"d":"1.1"}]
["Faz Inseminação Artificial",2,null,{"v":0.7662835249042146,"d":"0.8"}]
["Faz Mineralização do Rebanho",63,null,{"v":24.137931034482758,"d":"24.1"}]
["Faz Vermifugação do Rebanho",64,null,{"v":24.521072796934867,"d":"24.5"}]
["Possui Parceiros /Arrendatários na Exploração Animal",35,null,{"v":13.409961685823754,"d":"13.4"}]
["Esporte e lazer",2,null,{"v":0.7662835249042146,"d":"0.8"}]
["Extração mineral","-",null,"-"]
["Hotel Fazenda, Pousada ou SPA","-",null,"-"]
["Pesque-pague","-",null,"-"]
["Restaurante ou Lanchonete",1,null,{"v":0.3831417624521073,"d":"0.4"}]
["Transformação artesanal","-",null,"-"]
["Turismo rural ou ecoturismo","-",null,"-"]
["Outras atividades econômicas rurais",3,null,{"v":1.1494252873563218,"d":"1.1"}]
["Agroindústria","-",null,"-"]
["Proprietário sem instrução ou com instrução incompleta",12,null,{"v":4.597701149425287,"d":"4.6"}]
["Proprietário com antigo primário completo",82,null,{"v":31.417624521072796,"d":"31.4"}]
["Proprietário com 1° grau (ou antigo ginasial) completo",48,null,{"v":18.39080459770115,"d":"18.4"}]
["Proprietário com 2° grau (ou antigo colegial) completo",33,null,{"v":12.64367816091954,"d":"12.6"}]
["Proprietário com curso superior completo ",72,null,{"v":27.586206896551726,"d":"27.6"}]
["Pessoa Jurídica",14,null,{"v":5.363984674329502,"d":"5.4"}]
["Proprietário residente na própria UPA ",51,null,{"v":19.54022988505747,"d":"19.5"}]
["Fonte: Secretaria de Agricultura e Abastecimento, CDRS/IEA, Projeto LUPA."]
[]
["TABELA 512.5 - Área Cultivada, Município de Santa Cruz das Palmeiras, Estado de São Paulo, 2007/08."]
["CULTURA","N.DE UPAs","MÍNIMO","MÉDIO","MÁXIMO","TOTAL"]
["Cana-de-acucar",178,0.3,{"v":99.01,"d":"99.0"},{"v":1426.7,"d":"1,426.7"},{"v":17623.5,"d":"17,623.5"}]
["Laranja",60,0.5,{"v":45.16,"d":"45.2"},967.6,{"v":2709.3,"d":"2,709.3"}]
["Milho",34,{"v":1,"d":"1.0"},{"v":41.79,"d":"41.8"},{"v":1050.2,"d":"1,050.2"},{"v":1420.7,"d":"1,420.7"}]
["Braquiaria",89,0.3,{"v":14.56,"d":"14.6"},238.1,{"v":1295.5,"d":"1,295.5"}]
["Cafe",12,0.6,{"v":31.51,"d":"31.5"},{"v":128,"d":"128.0"},378.1]
["Capim-jaragua",4,{"v":1,"d":"1.0"},{"v":36.23,"d":"36.2"},{"v":80,"d":"80.0"},144.9]
["Coloniao",1,{"v":139,"d":"139.0"},{"v":139,"d":"139.0"},{"v":139,"d":"139.0"},{"v":139,"d":"139.0"}]
["Gramas",12,1.9,{"v":9.33,"d":"9.3"},47.8,{"v":112,"d":"112.0"}]
["Outras gramineas para pastagem",6,1.2,{"v":18.62,"d":"18.6"},92.3,111.7]
["Eucalipto",20,0.2,{"v":5.45,"d":"5.5"},{"v":24,"d":"24.0"},108.9]
["Sorgo",6,2.1,{"v":10.13,"d":"10.1"},{"v":34,"d":"34.0"},60.8]
["Capim-napier (ou capim-elefante)",12,0.6,{"v":4.89,"d":"4.9"},{"v":29,"d":"29.0"},58.7]
["Soja",3,4.7,{"v":14.23,"d":"14.2"},{"v":26,"d":"26.0"},42.7]
["Feijao",1,{"v":28,"d":"28.0"},{"v":28,"d":"28.0"},{"v":28,"d":"28.0"},{"v":28,"d":"28.0"}]
["Algodao",1,9.6,9.6,9.6,9.6]
["Pomar domestico",8,0.1,{"v":1.19,"d":"1.2"},4.8,9.5]
["Pinus",1,{"v":5,"d":"5.0"},{"v":5,"d":"5.0"},{"v":5,"d":"5.0"},{"v":5,"d":"5.0"}]
["Alface",2,0.5,{"v":0.85,"d":"0.9"},1.2,1.7]
["Mandioca",1,{"v":1,"d":"1.0"},{"v":1,"d":"1.0"},{"v":1,"d":"1.0"},{"v":1,"d":"1.0"}]
["Cebolinha",1,0.2,0.2,0.2,0.2]
["Couve (ou couve-crespa)",1,0.2,0.2,0.2,0.2]
["Couve-flor",1,0.2,0.2,0.2,0.2]
["Repolho",1,0.1,0.1,0.1,0.1]
["Fonte: Secretaria de Agricultura e Abastecimento, CDRS/IEA, Projeto LUPA."]